00859 2200325 4500001002100000005001500021035002000036007000300056008004100059040001700100100001600117245006100133250001000194300003700204020001800241041000800259082000800267084001400275090002300289260003500312850001000347650001100357504003000368990002700398990002700425990001800452990001800470990002700488990001800515INLIS00000000000306220260529092759 a0010-0321000025ta260529 0  aSPPUPADbind0 aAbdul Chaer1 aSeputar Tata Bahasa Baku Bahasa Indonesia /cAbdul Chaer acet.1 aix, 197 hlm. :bilus. ;c20,5 cm a979-518-887-90 aind a450 a450 ABD s a499.221 MAS t 14-8 aJakarta :bRineka Cipta,c2003 aPUPAD 4aBahasa aBibliografi, hlm 196-197 a3386/Br/Arpus-PDG/2007 a3387/Br/Arpus-PDG/2007 a13861/Br/2010 a13860/Br/2010 a3388/Br/Arpus-PDG/2007 a13862/Br/2010